| 000 | 00646nam a22002177a 4500 | ||
|---|---|---|---|
| 005 | 20170124110115.0 | ||
| 010 | _aA-719441 | ||
| 020 |
_c00.00 _a8185336997 |
||
| 035 | _aA-719441 | ||
| 037 | _bCen Lib/Ret | ||
| 040 |
_aDPL _bEN |
||
| 082 |
_aS _bAME |
||
| 245 |
_aAmerican women writers : _cedited by Aruna Sitesh _bmodern short stories / |
||
| 260 |
_aNew Delhi _bAffiliated East-West Press _c1994 |
||
| 270 |
_bNew Delhi _a104, nirmal tower, 26, barakhamba road _e110001 |
||
| 300 |
_axvi, 255p. _c19cm(Hb) |
||
| 650 |
_aLiterature _96262 |
||
| 650 |
_aStories _97500 |
||
| 700 |
_aSitesh, Aruna _929788 |
||
| 942 |
_2ddc _cEN _hS _mAME |
||
| 999 |
_c130664 _d130664 |
||